[Event "Stepanakert-B"]
[Site "Stepanakert"]
[Date "2005.10.06"]
[Round "5"]
[White "Yegiazarian, Arsen"]
[Black "Lagno, Kateryna"]
[Result "1-0"]
[WhiteElo "2537"]
[BlackElo "2509"]
[Annotator "Mueller,Karsten"]
[PlyCount "107"]
[EventDate "2005.10.02"]
[EventType "tourn"]
[EventRounds "9"]
[EventCountry "ARM"]
[EventCategory "11"]
[SourceTitle "CBM 110"]
[Source "ChessBase"]
[SourceDate "2006.01.31"]
[SourceVersion "1"]
[SourceVersionDate "2006.01.31"]
[SourceQuality "1"]

1. e4 e5 2. Nf3 Nf6 3. Nxe5 d6 4. Nf3 Nxe4 5. Nc3 Nxc3 6. dxc3 Be7 7. Bf4 Nc6
8. Qd2 Bg4 9. Be2 Qd7 10. O-O-O O-O-O 11. h3 Be6 12. Rhe1 h6 13. Bb5 a6 14. Ba4
b5 15. Bb3 Bxb3 16. axb3 Bf6 17. c4 Rhe8 18. Rxe8 Qxe8 19. cxb5 axb5 20. Qd5
Nb8 21. Nd4 Bxd4 22. Qxd4 f6 23. Be3 Qc6 24. Qg4+ Qd7 25. Qf3 Re8 26. Rd3 Qc6
27. Qg3 g5 28. Qg4+ Nd7 29. Rc3 Qd5 30. b4 f5 31. Qh5 Qe6 32. Ra3 f4 33. Ra8+
Nb8 34. Ba7 Kb7 $2 (34... Qe1+ {war besser, weil es mit Damen ganz anders
aussieht:} 35. Qd1 Kb7 36. Rxb8+ Kxa7 37. Rxe8 Qxe8 {und wenn jemand besser
steht, dann ist es Schwarz wegen des Raumvorteils.}) 35. Qxe8 $1 {[%mdl 4096]
Wickelt instruktiv in ein gewonnenes Bauernendspiel ab:} Qxe8 36. Rxb8+ Qxb8
37. Bxb8 Kxb8 38. Kd2 Kc8 39. Ke2 Kd7 40. Kf3 Ke6 (40... h5 41. h4 $18) 41. Kg4
Kf6 42. Kh5 Kg7 43. f3 c5 44. bxc5 {Der Durchbruch.} (44. c4 $5 {war ebenfalls
möglich, z.B.} Kf6 (44... d5 45. cxd5 $18) 45. cxb5 Ke7 46. Kxh6 $18) 44...
dxc5 45. h4 $1 {Unterminiert die schwarzen Bauern.} Kf6 (45... gxh4 46. Kg4 $1
Kf6 47. Kxf4 h5 48. Ke4 c4 49. c3 $18) 46. Kxh6 gxh4 47. Kh5 Ke5 48. Kxh4 Kd4
49. g4 fxg3 (49... Ke3 50. g5 Kxf3 51. g6 Ke2 52. g7 f3 53. g8=Q f2 54. Qg2 Ke1
55. Qe4+ Kd2 56. Qd3+ Ke1 57. Qe3+ $18) 50. Kxg3 c4 51. Kf2 b4 52. Ke2 c3 53.
b3 Ke5 54. Ke3 (54. Ke3 Kf5 55. f4 Kf6 56. Kd4 Kf5 57. Kc4 Kxf4 58. Kxb4 Ke3
59. Kxc3 $18) 1-0

[Event "Bundesliga 0405"]
[Site "Germany"]
[Date "2005.02.12"]
[Round "10.3"]
[White "Saltaev, Mihail"]
[Black "Efimenko, Zahar"]
[Result "1-0"]
[WhiteElo "2485"]
[BlackElo "2594"]
[Annotator "Mueller,Karsten"]
[PlyCount "135"]
[EventDate "2004.11.12"]
[EventType "team-tourn"]
[EventRounds "15"]
[EventCountry "GER"]
[SourceTitle "CBM 106"]
[Source "ChessBase"]
[SourceDate "2005.06.06"]
[SourceVersion "1"]
[SourceVersionDate "2005.06.06"]
[SourceQuality "1"]
[WhiteTeam "Muelheim Nord"]
[BlackTeam "Werder Bremen"]
[WhiteTeamCountry "GER"]
[BlackTeamCountry "GER"]

1. e4 e5 2. Nf3 Nf6 3. Nxe5 d6 4. Nf3 Nxe4 5. Qe2 Qe7 6. d3 Nf6 7. Bg5 Qxe2+ 8.
Bxe2 Be7 9. Nc3 h6 10. Bf4 Nc6 11. O-O-O Be6 12. h3 O-O-O 13. a3 g5 14. Be3
Rhe8 15. d4 Nd5 16. Nxd5 Bxd5 17. c4 Bxf3 18. Bxf3 f5 19. Bh5 Rf8 20. Rd3 Bf6
21. f3 a5 22. b3 b6 23. Bg6 Ne7 24. Bh5 d5 25. Rhd1 a4 26. c5 bxc5 27. dxc5
axb3 28. Rxb3 d4 29. Bd2 Nd5 30. g4 Be5 31. Re1 Bf4 32. Re6 Bxd2+ 33. Kxd2 Nf4
34. Rxh6 Rd5 35. c6 Rd6 36. Rxd6 cxd6 37. Rb7 d5 38. Ra7 Kb8 39. Rb7+ Ka8 40.
Rd7 Rc8 41. Bf7 fxg4 42. fxg4 Rxc6 43. Bxd5 Nxd5 44. Rxd5 Rc3 45. Rxg5 Rxh3 46.
Rd5 Rxa3 47. Rxd4 Kb7 {[%tqu "En","White to play and win","","","d2e2","Misses
the chance to shut off the king one decisive file further away.",0,"d4c4","",6,
"De","Weiß zieht und gewinnt","","","d2e2","verpasst die Chance, den König
eine entscheidende Linie weiter abzusperren:",0,"d4c4","",6]} 48. Ke2 $2 {
Misses the chance to shut off the king one decisive file further away.
Verpasst die Chance, den König eine entscheidende Linie weiter abzusperren:} (
48. Rc4 Kb6 49. Ke2 Kb5 50. Re4 Kc5 51. Re3 Ra8 52. Kf3 Kd4 53. Re7 Rf8+ 54.
Kg3 Rg8 55. Kf4 Rf8+ 56. Kg5 Rg8+ 57. Kf5 Rf8+ 58. Kg6 Rg8+ 59. Rg7 Ra8 60. g5
Ke5 61. Rf7 $18) 48... Kc6 49. Kf2 Rb3 50. Rd1 ({Nor does Auch} 50. g5 {
win gewinnt nicht:} Rb5 51. Rg4 Kd7 52. g6 Rb8 53. Kg3 Ke6 54. Kh4 Kf6 55. g7 (
55. Kh5 $4 Rh8#) 55... Rg8 $11) (50. Re4 Kd5 51. Re3 Rxe3 52. Kxe3 Ke5 $11)
50... Ra3 51. Kg2 Rb3 52. Kh2 Ra3 53. Rg1 Kd5 54. Rg3 Ra2+ 55. Kh3 Ke4 $2 {
Allows the following horizontal barrier Erlaubt die folgende horizontale
Absperrung.} (55... Ke6 56. Rf3 Ra8 57. g5 (57. Kh4 Rh8+ 58. Kg5 Rg8+ 59. Kh5
Rh8+ 60. Kg6 Rg8+ $11) 57... Ke7 (57... Ra4 $11) 58. Kg4 Rf8 $11) 56. Rb3 Ra1
57. Rb5 Ra8 58. Kh4 Rh8+ 59. Rh5 Rf8 60. Rh6 Kf4 61. Kh5 Ke5 62. g5 Rf1 (62...
Kf5 63. Rh7 Ra8 64. Rf7+ Ke6 65. g6 $18) 63. Ra6 Rg1 64. Kh6 Kf5 65. g6 Rb1 66.
Kh7 Rh1+ 67. Kg8 Rh6 68. Kf7 1-0

[Event "Olympiad-37"]
[Site "Turin"]
[Date "2006.05.25"]
[Round "5"]
[White "Goh, Wei Ming Kevin"]
[Black "Eid, Fadi"]
[Result "1/2-1/2"]
[WhiteElo "2413"]
[BlackElo "2361"]
[Annotator "Mueller,Karsten"]
[PlyCount "106"]
[EventDate "2006.05.21"]
[EventType "team-swiss"]
[EventRounds "13"]
[EventCountry "ITA"]
[SourceTitle "CBM 113"]
[Source "ChessBase"]
[SourceDate "2006.07.31"]
[SourceVersion "1"]
[SourceVersionDate "2006.07.31"]
[SourceQuality "1"]
[WhiteTeam "Singapore"]
[BlackTeam "Lebanon"]
[WhiteTeamCountry "SIN"]
[BlackTeamCountry "LBN"]

1. e4 e5 2. Nf3 Nf6 3. Nxe5 d6 4. Nf3 Nxe4 5. Nc3 Nxc3 6. dxc3 Be7 7. Bf4 Nd7
8. Qd2 O-O 9. O-O-O Nc5 10. Be3 Bg4 11. Be2 Re8 12. h3 Bh5 13. g4 Bg6 14. h4 c6
15. Rh3 Be4 16. Ng5 Qa5 17. a3 Qa4 18. Bxc5 Bxg5 19. hxg5 dxc5 20. Bd3 Bxd3 21.
Qxd3 Qe4 22. Rdh1 Qxd3 23. cxd3 h6 24. Kd2 Re6 25. gxh6 g5 26. Rf3 f6 27. Rf5
Rae8 28. Kc2 Kh7 29. Kb3 b6 30. Kc4 a5 31. b4 cxb4 32. axb4 axb4 33. Kxb4 Kg6
34. Kc4 Rh8 35. Rb1 b5+ 36. Kc5 Rxh6 37. Rb4 Rh3 38. Rd4 Kf7 39. Kb6 Re5 40.
Rxe5 fxe5 41. Rd7+ Ke6 42. Kxc6 e4 43. Rd6+ Ke5 44. Rd5+ Kf4 45. dxe4 Rxc3+ 46.
Kxb5 Kxe4 47. Rxg5 Rf3 48. Kc5 Rxf2 49. Kd6 Rf4 50. Re5+ Kf3 51. g5 {[%tqu
"En","How does Black save the game?","","","f3g4","",2,"f4g4","",0,"De","Wie
rettet sich Schwarz?","","","f3g4","",2,"f4g4","",0]} Kg4 (51... Rg4 $2 52. Ke6
Kf4 53. Kf6 Rg1 54. Rf5+ $18) 52. g6 Rf6+ 53. Re6 Kf5 1/2-1/2

[Event "USA-ch"]
[Site "Saint Louis"]
[Date "2016.04.21"]
[Round "7"]
[White "Nakamura, Hikaru"]
[Black "Akobian, Varuzhan"]
[Result "1-0"]
[WhiteElo "2787"]
[BlackElo "2615"]
[Annotator "Nakamura,H"]
[PlyCount "73"]
[EventDate "2016.04.14"]
[EventType "tourn"]
[EventRounds "11"]
[EventCountry "USA"]
[EventCategory "17"]
[SourceTitle "CBM 172"]
[Source "ChessBase"]
[SourceDate "2016.05.12"]
[SourceVersion "1"]
[SourceVersionDate "2016.05.12"]
[SourceQuality "1"]

1. e4 e5 $5 {The first surprise, but this was not entirely unexpected.
Varuzhan had already lost to Wesley So in a very brutal Rubinstein French
earlier in the tournament.} 2. Nf3 Nf6 3. Nxe5 d6 4. Nf3 Nxe4 5. d4 d5 6. Bd3
Be7 7. O-O Nc6 8. c4 Nb4 9. Be2 O-O 10. Nc3 Bf5 11. a3 Nxc3 12. bxc3 Nc6 13.
Re1 Re8 14. Ra2 $5 {This idea isn't completely new, in fact it was featured in
Kasimdzhanov-Gelfand from the World Cup in 2007. However, Kasim's play wasn't
inspiring and the line never really came back into fashion.} Na5 15. cxd5 Qxd5
16. Rb2 c6 (16... a6 {Not best, but maybe not that bad either.} 17. Ne5 Bxa3
18. Bf3 Qd6 19. Rbe2 (19. Ra2 Bxc1 20. Rxa5 Bf4 21. Bxb7 Rab8 22. Rxa6) 19...
Bxc1 20. Qxc1 Nc6 21. Qb2 $14 {½-½ (30) Shankland,S (2634)-Robson,R (2631)
Saint Louis 2014. White is slightly better, but I'm not sure if it is enough
of an advantage to win.}) (16... b6 $2 17. Ne5 $1 (17. Rb5 c5 18. Ne5 Qd6 19.
Bf4 Bf6 $11 {0-1 (40) Filippov,A (2607)-Bu,X (2682) Ha Long City 2009}) 17...
Rad8 18. Bf3 Qd6 19. Rbe2 $14) 17. Ne5 (17. Qa4 Qd8 18. c4 Bf6 19. Be3 Be4 20.
Rd2 b6 $11 {0-1 (52) Kasimdzhanov,R (2677)-Gelfand,B (2733) Elista 2007} 21.
Ne5 Qe7 22. Ng4 Bg5 23. Bf1 Bxe3 24. Rxe3 Qg5 25. Qd1 Bf5 26. Ne5 f6 27. Nf3
Qf4 28. Rde2 Bd7 29. Qe1 Rxe3 30. Rxe3 Qd6 31. h3 c5 32. d5 Kf8 33. Nd2 Bf5 34.
Be2 Qd7 35. Bh5 Nb7 36. g4 Bg6 37. Bxg6 hxg6 38. g5 Nd6 39. gxf6 gxf6 40. Qa1
Kg7 41. Re6 Rf8 42. a4 Rf7 43. Qc3 Nf5 44. Nf3 Qxa4 45. Ng5 Rf8 46. Re1 Nd4 47.
Re7+ Kg8 48. Qd3 Nf5 49. Qe2 Qa1+ 50. Kh2 fxg5 51. Qe6+ Kh8 52. Rb7 Qd4) 17...
Bxa3 18. Bf3 Qd6 19. Rbe2 Bxc1 20. Qxc1 Be6 21. Be4 $6 $146 (21. Bh5 Rf8 22.
Re3 Nc4 $17 {0-1 (45) Melia,S (2467)-Nebolsina,V (2310) Rijeka 2010}) (21. Qb1
$5 {This is also an interesting alternative.}) 21... Rad8 (21... f6 22. Nf3 (
22. Qb1 {I suspect Varuzhan was afraid of this move because of how long he
spent deciding between 21...Rad8 and 21...f6.} fxe5 23. Bxh7+ Kh8 (23... Kf8 $6
24. dxe5 Qc5 25. Qc1 Rad8 26. Qg5 Nc4 27. Bg6 Nd6 $3 28. Bxe8 Rxe8 29. Re3 Nf7
30. Qg6 Kg8 31. Rg3 Qf8 32. Re4 Nh8 {I guess this position is equal, but the
whole line feels very far from human.}) 24. Bg6 Nc4 25. Bxe8 Rxe8 26. Qxb7 Bd5
27. dxe5 Qe6 28. Qxa7 Bxg2 29. Kxg2 Qg4+ 30. Kh1 Qf3+ 31. Kg1 Qg4+ $11) 22...
Bf7 23. Qb1 g6 24. h4 Kg7 25. h5 $44 {There is definitely compensation here,
but I feel that Black should be able to defend with correct play.}) 22. Qb1 g6
23. f4 $6 {This move is probably fine, but I was very unhappy with myself
during the game after the next couple of moves.} (23. h4 $1 Kg7 $8 24. h5 Nc4
$8 25. Bxg6 Nxe5 26. dxe5 Qe7 27. Be4 Rg8 {A computer move after which Black
seems to be fine, but all of these moves would have been extremely hard to
find.}) 23... c5 $1 24. f5 {I played this after a 45 minute think. For almost
all of that time, I was trying to figure out what to do against 24...Bb3. I
tried to find alternatives, but nothing else besides f5 made any sense.} cxd4
$2 {A strange decision played almost instantly by Varuzhan. This decision
confused me greatly. I had no concrete plan against 24...Bb3, but I saw
nothing better.} (24... Bb3 $1 25. Bd3 $3 {A brilliant computer move and one
which I had seen, but completely underestimated.} (25. Bxb7 {Most likely, this
is the move I would have played after which White cannot claim an advantage.}
cxd4 (25... Rf8 26. fxg6 hxg6 27. d5 $1 Nxb7 28. Qxb3 Qxd5 29. c4 Qd4+ 30. Kh1
Na5 31. Qb5 Qc3 32. Qxc5 Nb3 33. Qxa7 Rd2 {White is up a pawn, but Black
should again be able to liquidate into a drawn endgame.}) 26. Nc4 Bxc4 27.
Rxe8+ Kg7 (27... Rxe8 {Not this order.} 28. Rxe8+ Kg7 29. fxg6 hxg6 30. Qe1 $3
Qf6 (30... Nxb7 31. Qh4 $18) 31. Bf3 dxc3 32. Re3 c2 33. Be4 $16) 28. Rxd8 Qxd8
29. cxd4 Qxd4+ 30. Kh1 Bd3 31. Rd1 Bxb1 32. Rxd4 Nxb7 33. Rb4 Bxf5 34. Rxb7 a6
$11) 25... cxd4 26. fxg6 hxg6 27. Nc4 Qd7 28. Nxa5 Rxe2 29. Bxe2 Ba4 30. Bc4
Kg7 31. Qe4 dxc3 32. Qe5+ Kg8 33. Qxc3 Qd4+ 34. Qxd4 Rxd4 35. Rf1 Rd7 36. Ra1
Bc2 37. Bb5 Re7 38. Kf2 $16 {I assume that this is probably still pretty close
to a draw, but White can definitely press.}) (24... Bc4 $2 25. fxg6 fxg6 (25...
hxg6 26. Bxg6 $18) 26. Nxc4 Nxc4 27. Bd5+ Qxd5 28. Rxe8+ Rxe8 29. Rxe8+ Kf7 30.
Qe1 Qd7 31. Rb8 $18) (24... Bd5 $2 25. Bxd5 Qxd5 26. Ng4 Rxe2 27. Nf6+ Kf8 28.
Nxd5 Rxe1+ 29. Qxe1 Rxd5 30. c4 Nxc4 31. f6 $18) 25. fxe6 Rxe6 26. Nxf7 Kxf7
27. Bd5 $2 {Another dilemma. I played 27.Bd5 because I wasn't certain if I
could untangle all my pieces and win in the 27.Qa2 variations. However, I
simply forgot that it was possibile to sac the queen for the 2 rooks at the
time.} (27. Qa2 Kg7 (27... dxc3 28. Bxg6+ hxg6 29. Rxe6 Qd4+ 30. Kh1 Rd5 31.
Re7+ Kf6 32. Qe2 $18) 28. Qxa5 Rde8 29. c4 (29. Qxa7 $2 d3 30. Bxd3 Qxd3 31.
Rxe6 Rxe6 32. Qxb7+ (32. Rxe6 Qb1+ 33. Kf2 Qf5+ 34. Kg1 Qb1+ $1 $11) 32... Kf6
33. Rxe6+ Kxe6 34. Qc6+ Ke5 35. Qe8+ Kf5 36. Qe1 $14) 29... R8e7 30. c5 Qc7 31.
Qb4 Re5 32. Bf3 Rxe2 33. Rxe2 Rxe2 34. Bxe2 Qe5 35. Qxb7+ Kh6 36. Qb5 Qe3+ 37.
Kh1 Qc1+ 38. Bf1 d3 39. Qxd3 Qxc5 40. Qe4 a5 41. g3 $18) 27... Qxd5 28. Rxe6
dxc3 $2 {The last blunder after which there are no remaining opportunities to
save the game.} (28... Qxe6 29. Rxe6 Kxe6 30. Qe4+ (30. Qa2+ {During the game
I thought this was simply winning, but to my horror I completely forgot about}
Rd5 $11 {in my calculations.}) 30... Kd6 (30... Kf7 31. cxd4 Nc6 32. d5 Ne7 33.
Qe6+ Kf8 34. d6 Nc6 35. Kf2 $18 {This should be winning.}) 31. Qxd4+ Kc7 32.
Qxa7 Nc6 33. Qc5 Rd7 $11) 29. R6e5 Qd4+ 30. Kh1 b6 31. Qa2+ Kg7 32. Re7+ Kh6
33. Qf7 Nc4 34. Qxh7+ Kg5 35. R7e6 Qd3 36. h4+ Kf4 37. Qh6+ (37. Qh6+ Kg3 38.
Qg5+ Kf2 39. Qf4+ Qf3 40. Qxf3#) 1-0